000 00605nam a2200205 i 4500
001 134970
003 ES-MaACL
005 20240416195448.0
007 t|
008 070704s1970 sp ||||1| spa d
080 _a268(04)
100 1 _aTilmann, Klemens.
_9110278
245 1 0 _aAsombro y experiencia como caminos hacia Dios /
_cKlemens Tilmann ; [traducción por Ignacio Aizpurúa].
260 _aMadrid :
_bMarova,
_c[1970]
300 _a121 p. ;
_c20 cm.
650 1 4 _aCatequesis
_910853
700 1 _aAizpurúa, I.
_919019
852 _aES-MaACL
_jC-50688
_bR.73706
999 _c134970
_d134970